000 00730cam a2200229 a 4500
001 000019808
005 20200929170140.0
008 890504s1968 sp 001 f spa d
040 _aDO-SdBNP
_bspa
_cLC
_dBNPHU
082 _a863.6
_bG633ci
100 1 _aGómez de la Serna, Ramón,
_d1888-1963
_914278
245 1 3 _aEl circo /
_cRamón Gómez de la Serna.
260 _aMadrid :
_bEspasa-Calpe,
_c1968.
300 _a223, [16] p. ;
_c18 cm.
490 1 _aAzul: novelas y cuentos en general
_v1400
650 4 _aNovela española
_91123
650 4 _aLiteratura española
_9632
830 0 _aAustral.
_pAzul: novelas y cuentos en general;
_v1400
_922386
910 _aCatalogación derivada / LC
910 _aWM
049 _aBNGR
999 _c19321
_d19321